| 000 | 02036nam0a2200433 4500 | ||
|---|---|---|---|
| 001 | RU\NLR\bibl\1878012 | ||
| 005 | 20250616192657.0 | ||
| 010 |
_a978-5-459-00443-4 _91200 |
||
| 021 |
_aRU _b2012-11098 _9836 |
||
| 035 | _a(nilc)RSL-KNO-005396872 | ||
| 035 | _a(NLR Aleph) 001867803 | ||
| 090 |
_a2619591 _c2619591 |
||
| 100 | _a20120227d2011 |||y0rusy50 ca | ||
| 101 | 0 | _arus | |
| 102 | _aRU | ||
| 105 | _aa zzzz||||| | ||
| 200 | 1 |
_aPhotoshop Extended _eработаем с 3D, видео и не только _e[расширенные возможности Photoshop Extended, создание анимированных и трехмерных изображений, обработка видеофайлов] _fВладимир Завгородний |
|
| 210 |
_aСанкт-Петербург [и др.] _cПитер _d2011 |
||
| 215 |
_a256, [4] л. цв. ил. _cил. _d24 |
||
| 325 | _aКопия доступна в Электрон. б-ке РНБ http://vivaldi.nlr.ru/bx000031572/view | ||
| 517 | 0 | _aРаботаем с 3D, видео и не только | |
| 606 | 1 |
_aADOBE PHOTOSHOP EXTENDED, графический редактор _92112125 _3RU\NLR\auth\661579830 |
|
| 686 |
_aЗ973.26-044.4-018.3,0 _2rubbk |
||
| 686 |
_aЩ159компьютерная графика080,0 _2rubbk |
||
| 686 |
_aЩ370.77,0 _2rubbk |
||
| 686 |
_aЩ160.5,0 _2rubbk |
||
| 686 | _aЗ973.23-018.3 | ||
| 700 | 1 |
_aЗавгородний _bВ. Г. _gВладимир Гаврилович _4070 |
|
| 801 | 0 |
_aRU _bRuMoRKP _c20120227 _grcr |
|
| 801 | 1 |
_aRU _bРГБ _c20120227 |
|
| 801 | 2 |
_aRU _bNLR _c20120311 _grcr |
|
| 942 | _cBOOK | ||
| 980 | _aNB | ||
| 980 | _aNBR | ||
| 981 | 1 | 3 |
_a(13) Документы, защищенные авторским правом _b(13) Современная научная, научно-популярная и популярная литература |